000 01098 a2200217 4500
020 _a052152735X
020 _a9780521527354
028 4 2 _a9780521527354
_bCambridge University Press
082 _a535.15
090 _c1703
_d1703
100 1 _aGerry, Christopher.
245 1 0 _aIntroductory quantum optics /
_cChristopher Gerry, Peter Knight.
260 _a[S.l.] :
_bCambridge University Press,
_c2004.
300 _a332 p. ;
_c25 cm.
700 1 _aKnight, Peter.
942 _aSNS
_cBK
_k535.15 GER
999 _c30311
_d30311